[Event "Sudeste/Centro-Oeste-ch U1800"]
[Site "Barbacena"]
[Date "2019.10.27"]
[Round "6"]
[White "Poiani, Fernando Celso"]
[Black "De Carvalho Machado, Fernando"]
[Result "0-1"]
[WhiteElo "1760"]
[BlackElo "1775"]
[PlyCount "52"]
[EventDate "2019.10.25"]
[EventType "swiss"]
[EventRounds "6"]
[EventCountry "BRA"]
[SourceTitle "CBM 193 Extra"]
[Source "ChessBase"]
[SourceDate "2020.01.31"]
[SourceVersion "1"]
[SourceVersionDate "2020.01.31"]
[SourceQuality "1"]

1. c4 Nf6 2. Nc3 c5 3. e4 Nc6 4. g3 g6 5. Bg2 Bg7 6. Nge2 0-0 7. 0-0 d6 8. h3 a6 9. Kh2 Bd7 10. Rb1 Rb8 11. f4 b5 12. b3 bxc4 13. bxc4 Rxb1 14. Nxb1 Nb4 15. a3 Nd3 16. Qc2 Nxc1 17. Qxc1 Qa5 18. Nbc3 Rb8 19. f5 Rb3 20. Nb1 Nh5 21. fxg6 hxg6 22. Rf3 Qb6 23. Nbc3 Nf6 24. d3 Rb2 25. Qe3 Qb3 26. Nd5 Nxd5 0-1

[Event "Sudeste/Centro-Oeste-ch U1800"]
[Site "Barbacena"]
[Date "2019.10.26"]
[Round "2"]
[White "Poiani, Fernando Celso"]
[Black "Da Circuncisao, Neivaldo Jacob"]
[Result "1-0"]
[WhiteElo "1760"]
[BlackElo "1639"]
[PlyCount "96"]
[EventDate "2019.10.25"]
[EventType "swiss"]
[EventRounds "6"]
[EventCountry "BRA"]
[SourceTitle "CBM 193 Extra"]
[Source "ChessBase"]
[SourceDate "2020.01.31"]
[SourceVersion "1"]
[SourceVersionDate "2020.01.31"]
[SourceQuality "1"]

1. e4 e6 2. d4 d5 3. e5 c5 4. c3 Nc6 5. Nf3 Bd7 6. a3 Rc8 7. Be2 Qb6 8. 0-0 Nh6 9. b4 cxd4 10. cxd4 Nf5 11. Be3 Nxe3 12. fxe3 Be7 13. Nbd2 0-0 14. Nb3 Qd8 15. Nc5 Bxc5 16. bxc5 Ne7 17. Bd3 Qa5 18. Bxh7+ Kxh7 19. Ng5+ Kg6 20. Qg4 f5 21. exf6 Rxf6 22. Ne4+ Kf7 23. Nxf6 gxf6 24. Qh5+ Kg7 25. Rf4 Be8 26. Qg4+ Ng6 27. h4 Kf7 28. Rf3 Ke7 29. h5 Bf7 30. hxg6 Rg8 31. g7 b5 32. Qf4 f5 33. Qd6+ Kf6 34. Qe5+ Ke7 35. Rxf5 Rxg7 36. Qxg7 exf5 37. Qe5+ Kf8 38. Rf1 Qxa3 39. c6 Qe7 40. Rxf5 Qxe5 41. dxe5 Ke7 42. Rxf7+ Kxf7 43. c7 a5 44. c8Q Kg6 45. Qe6+ Kg5 46. Qxd5 Kf5 47. Qxb5 Ke6 48. Qxa5 Kf5 1-0

[Event "Rio de Janeiro Estadual-ch"]
[Site "Rio de Janeiro"]
[Date "2019.09.28"]
[Round "2"]
[White "Rios Filho, Hilton Carlos da Si"]
[Black "Poiani, Fernando Celso"]
[Result "1-0"]
[WhiteElo "2081"]
[BlackElo "1760"]
[PlyCount "89"]
[EventDate "2019.09.28"]
[EventType "swiss"]
[EventRounds "6"]
[EventCountry "BRA"]
[SourceTitle "EXT 2020"]
[Source "ChessBase"]
[SourceDate "2019.10.17"]
[SourceVersion "1"]
[SourceVersionDate "2019.10.17"]
[SourceQuality "1"]

1. d4 Nf6 2. c4 e5 3. dxe5 Ng4 4. Bf4 Nc6 5. Nf3 Bb4+ 6. Nbd2 Qe7 7. a3 Ngxe5 8. Nxe5 Nxe5 9. e3 Bxd2+ 10. Qxd2 d6 11. Qc3 0-0 12. c5 Ng6 13. cxd6 cxd6 14. Bg3 Be6 15. Be2 Rac8 16. Qd4 d5 17. 0-0 a6 18. Rac1 Qd7 19. h3 Ne7 20. Qd2 Nf5 21. Be5 Nh4 22. Bxg7 Kxg7 23. Qd4+ f6 24. Qxh4 Bf5 25. Rfd1 Kh8 26. Rxc8 Qxc8 27. Bf3 Qc2 28. Rxd5 Be6 29. Be4 Qc1+ 30. Kh2 Qc7+ 31. g3 Bxd5 32. Bxd5 Qe5 33. Qb4 Rd8 34. Be4 b5 35. Bf3 Qd6 36. Qh4 Qe5 37. Qb4 Qd6 38. Qb3 Kg7 39. Kg2 h5 40. Qc2 b4 41. g4 Qd7 42. Qc4 Rc8 43. Qf4 Rc5 44. Qxb4 Qe7 45. Qd4 1-0

[Event "Rio de Janeiro Fexerj op"]
[Site "Rio de Janeiro"]
[Date "2019.06.01"]
[Round "2"]
[White "Salles, Marvio Darilho"]
[Black "Poiani, Fernando Celso"]
[Result "1-0"]
[WhiteElo "2061"]
[BlackElo "1754"]
[PlyCount "103"]
[EventDate "2019.06.01"]
[EventType "swiss"]
[EventRounds "6"]
[EventCountry "BRA"]
[SourceTitle "CBM 190 Extra"]
[Source "ChessBase"]
[SourceDate "2019.07.15"]
[SourceVersion "1"]
[SourceVersionDate "2019.07.15"]
[SourceQuality "1"]

1. e4 e6 2. d4 d5 3. Be3 Bd7 4. Nd2 Bc6 5. e5 Be7 6. Ngf3 Nd7 7. Bd3 f6 8. exf6 Ngxf6 9. Ng5 0-0 10. Nxe6 Qc8 11. Nxf8 Qxf8 12. 0-0 Bd6 13. Qf3 Re8 14. Bf4 Ne4 15. Bxd6 Qxd6 16. Nxe4 dxe4 17. Bc4+ Kh8 18. Qe3 Nf6 19. h3 b5 20. Bb3 a5 21. c3 a4 22. Bc2 Nd5 23. Qg3 Nf4 24. Qe3 Re6 25. Kh1 Rg6 26. Rg1 h6 27. Rae1 Re6 28. Bb1 g5 29. d5 Nxd5 30. Qd4+ Kg8 31. Bxe4 Rf6 32. Bxd5+ Bxd5 33. Qe5 Rxf2 34. Qe8+ Kg7 35. Re7+ Rf7 36. Rxf7+ Bxf7 37. Qxb5 Bd5 38. Qxa4 Qe6 39. Qd4+ Kg8 40. Qg4 Qe5 41. Rd1 c6 42. c4 Be6 43. Rd8+ Kg7 44. Qd4 Qf6 45. Qxf6+ Kxf6 46. b3 g4 47. hxg4 Ke7 48. Rh8 Bxg4 49. Rxh6 Kd7 50. b4 c5 51. bxc5 Be2 52. a4 1-0

[Event "Rio de Janeiro Estadual-ch"]
[Site "Rio de Janeiro"]
[Date "2018.05.01"]
[Round "6"]
[White "Poiani, Fernando Celso"]
[Black "Da Matta, Eduardo Cesar"]
[Result "0-1"]
[WhiteElo "1784"]
[BlackElo "1890"]
[PlyCount "78"]
[EventDate "2018.04.28"]
[EventType "swiss"]
[EventRounds "6"]
[EventCountry "BRA"]
[SourceTitle "CBM 184 Extra"]
[Source "ChessBase"]
[SourceDate "2018.06.28"]
[SourceVersion "1"]
[SourceVersionDate "2018.06.28"]
[SourceQuality "1"]

1. e4 c5 2. c4 Nc6 3. g3 d6 4. Bg2 g6 5. Ne2 Bg7 6. 0-0 e5 7. h3 Nge7 8. d3 0-0 9. Nbc3 Rb8 10. Rb1 a6 11. Be3 Nd4 12. Kh2 b5 13. b3 f5 14. f4 Qa5 15. Bd2 Qc7 16. Nd5 Nxd5 17. cxd5 Bd7 18. Rc1 b4 19. Nxd4 exd4 20. Qe1 a5 21. Qe2 Rbe8 22. Qf3 Qc8 23. Rfe1 Qa6 24. Rcd1 a4 25. Rb1 Bb5 26. Bf1 axb3 27. axb3 Qa2 28. Qg2 Rf7 29. exf5 Rxe1 30. Rxe1 gxf5 31. Re6 Bf8 32. g4 Qxb3 33. Qf3 Qc2 34. Qe2 b3 35. Ba5 Qxe2+ 36. Rxe2 Bxd3 37. Re1 Bxf1 38. Rxf1 c4 39. Rd1 b2 0-1

[Event "Rio de Janeiro Estadual-ch"]
[Site "Rio de Janeiro"]
[Date "2018.04.29"]
[Round "4"]
[White "Poiani, Fernando Celso"]
[Black "Leite, Tarcisio Dantas Fro"]
[Result "1/2-1/2"]
[WhiteElo "1784"]
[BlackElo "1600"]
[PlyCount "145"]
[EventDate "2018.04.28"]
[EventType "swiss"]
[EventRounds "6"]
[EventCountry "BRA"]
[SourceTitle "CBM 184 Extra"]
[Source "ChessBase"]
[SourceDate "2018.06.28"]
[SourceVersion "1"]
[SourceVersionDate "2018.06.28"]
[SourceQuality "1"]

1. e4 e5 2. c4 Nc6 3. d3 Nf6 4. Nc3 d6 5. h3 Be7 6. g3 0-0 7. Bg2 Nd7 8. Nge2 f5 9. f4 Nc5 10. 0-0 Nb4 11. a3 Nbxd3 12. b4 Nxc1 13. Rxc1 Na6 14. Qd5+ Kh8 15. fxe5 c6 16. Qd3 dxe5 17. Rcd1 g6 18. Qc2 Qe8 19. Kh2 Be6 20. c5 Rd8 21. Qb2 Bf6 22. Rxd8 Qxd8 23. Rd1 Qe7 24. Rd6 Nc7 25. a4 Rd8 26. Qd2 Ne8 27. Rd3 Bc4 28. Rxd8 Qxd8 29. Qxd8 Bxd8 30. b5 fxe4 31. bxc6 bxc6 32. Bxe4 Nf6 33. Bxc6 Be7 34. Kg2 Bxc5 35. Kf3 Kg7 36. g4 g5 37. Ng3 Kf7 38. Nce4 Nxe4 39. Nxe4 Be7 40. Nd2 Bd3 41. Be4 Bxe4+ 42. Kxe4 Ke6 43. Nc4 Bf6 44. Na5 Kd6 45. Kf5 Bg7 46. Kxg5 Kd5 47. Kf5 e4 48. Kf4 Bc3 49. Nb7 Bd2+ 50. Kg3 Kd4 51. Kf2 Bb4 52. Ke2 Ke5 53. Ke3 Kd5 54. Nd8 Bc5+ 55. Ke2 Ke5 56. h4 Kf6 57. g5+ Ke7 58. Nc6+ Ke6 59. Nd8+ Kf5 60. h5 Bb6 61. Nf7 Kg4 62. g6 hxg6 63. hxg6 Bd4 64. Nd8 Kf5 65. Nc6 Bg7 66. Nxa7 Kxg6 67. Nc6 Bf8 68. a5 Bc5 69. a6 Kf5 70. Na5 Ke6 71. Nb3 Bb6 72. Nd2 Kd5 73. Nb1 1/2-1/2

[Event "Botafogo Fexerj op"]
[Site "Botafogo"]
[Date "2015.01.25"]
[Round "5"]
[White "Cifuentes Goncalves, Luiz Osvaldo"]
[Black "Poiani, Fernando Celso"]
[Result "1-0"]
[WhiteElo "1639"]
[BlackElo "1841"]
[PlyCount "55"]
[EventDate "2015.01.23"]
[EventType "swiss"]
[EventRounds "6"]
[EventCountry "BRA"]
[SourceTitle "CBM 164 Extra"]
[Source "ChessBase"]
[SourceDate "2015.03.02"]
[SourceVersion "1"]
[SourceVersionDate "2015.03.02"]
[SourceQuality "1"]

1. e4 e6 2. d4 d5 3. e5 c5 4. c3 Nc6 5. Nf3 a6 6. a3 Qb6 7. b4 cxb4 8. cxb4 Nge7 9. Be3 Nf5 10. Bd3 Nxe3 11. fxe3 Be7 12. Nbd2 Bd7 13. 0-0 0-0 14. Nb3 Rac8 15. Qe2 Na7 16. Nc5 Qd8 17. Nxb7 Qb6 18. Nc5 Rc7 19. Nxa6 Rc3 20. Nc5 Bxc5 21. dxc5 Qd8 22. Qd2 Rxd3 23. Qxd3 Bb5 24. Qc3 Bxf1 25. Rxf1 Nc6 26. Nd4 Nxe5 27. Nxe6 Qf6 28. Rxf6 1-0

[Event "Botafogo Fexerj op"]
[Site "Botafogo"]
[Date "2015.01.24"]
[Round "3"]
[White "Dos Santos, Luiz A Godoy M"]
[Black "Poiani, Fernando Celso"]
[Result "0-1"]
[WhiteElo "1454"]
[BlackElo "1841"]
[PlyCount "90"]
[EventDate "2015.01.23"]
[EventType "swiss"]
[EventRounds "6"]
[EventCountry "BRA"]
[SourceTitle "CBM 164 Extra"]
[Source "ChessBase"]
[SourceDate "2015.03.02"]
[SourceVersion "1"]
[SourceVersionDate "2015.03.02"]
[SourceQuality "1"]

1. e4 e6 2. d4 d5 3. Nc3 dxe4 4. Nxe4 Bd7 5. Nf3 Nf6 6. Bd3 Be7 7. Bf4 Bc6 8. Ng3 Nbd7 9. c3 h6 10. h4 Bd6 11. Ne5 Bxe5 12. dxe5 Nd5 13. Qg4 Nxf4 14. Qxf4 Qe7 15. Be4 Bxe4 16. Qxe4 0-0-0 17. 0-0-0 g5 18. h5 Qc5 19. Rhe1 Qxf2 20. Ne2 Nc5 21. Qc2 Qe3+ 22. Kb1 Rxd1+ 23. Rxd1 Qxe5 24. b4 Nd7 25. Qa4 Nb6 26. Qc2 Qf5 27. Qxf5 exf5 28. g3 Nc4 29. a4 Re8 30. Nd4 Nd6 31. Rf1 Re5 32. Kc2 Kd7 33. Kd3 Ke7 34. a5 Kf6 35. Ne2 c5 36. Rf2 c4+ 37. Kd4 Ke6 38. Rf1 Rd5+ 39. Ke3 Rd3+ 40. Kf2 Ne4+ 41. Kg2 Nxc3 42. Nc1 Rd2+ 43. Kf3 g4+ 44. Ke3 Rg2 45. Kf4 Nd5# 0-1

[Event "Botafogo Fexerj op"]
[Site "Botafogo"]
[Date "2015.01.23"]
[Round "2"]
[White "Poiani, Fernando Celso"]
[Black "Costa, Carlos Evanir"]
[Result "0-1"]
[WhiteElo "1841"]
[BlackElo "2228"]
[PlyCount "92"]
[EventDate "2015.01.23"]
[EventType "swiss"]
[EventRounds "6"]
[EventCountry "BRA"]
[SourceTitle "CBM 164 Extra"]
[Source "ChessBase"]
[SourceDate "2015.03.02"]
[SourceVersion "1"]
[SourceVersionDate "2015.03.02"]
[SourceQuality "1"]

1. e4 c5 2. c4 Nc6 3. Nc3 e6 4. d3 Nf6 5. Bg5 Be7 6. Nge2 h6 7. Be3 d5 8. exd5 exd5 9. cxd5 Nxd5 10. Nxd5 Qxd5 11. Nc3 Qe5 12. Be2 Nd4 13. Bxd4 cxd4 14. Ne4 Bb4+ 15. Nd2 Bg4 16. a3 Bxd2+ 17. Qxd2 0-0 18. f3 Bd7 19. 0-0 Rfe8 20. Rfe1 Qe3+ 21. Qxe3 Rxe3 22. Bf1 Rae8 23. Kf2 Bb5 24. Rxe3 Rxe3 25. Rd1 g5 26. Re1 Bxd3 27. Rxe3 dxe3+ 28. Ke1 Bxf1 29. Kxf1 f5 30. f4 gxf4 31. Ke2 Kf7 32. g3 fxg3 33. hxg3 Kg6 34. Kxe3 Kg5 35. Kf3 h5 36. b3 a5 37. Kg2 Kg4 38. Kf2 f4 39. gxf4 Kxf4 40. b4 axb4 41. axb4 b5 42. Kg2 Ke4 43. Kh3 Kd4 44. Kh4 Kc4 45. Kxh5 Kxb4 46. Kg4 Kc3 0-1

[Event "Rio de Janeiro rap op 2nd"]
[Site "Rio de Janeiro"]
[Date "2012.08.04"]
[Round "5"]
[White "Poiani, Fernando Celso"]
[Black "Rodi, Luis Ernesto"]
[Result "1/2-1/2"]
[WhiteElo "1854"]
[BlackElo "2363"]
[PlyCount "114"]
[EventDate "2012.08.04"]
[EventType "swiss (rapid)"]
[EventRounds "7"]
[EventCountry "BRA"]
[SourceTitle "EXT 2014"]
[Source "ChessBase"]
[SourceDate "2013.11.20"]
[SourceVersion "1"]
[SourceVersionDate "2013.11.20"]
[SourceQuality "1"]

1. c4 f5 2. Nc3 Nf6 3. d4 d6 4. e3 g6 5. Bd3 Bg7 6. Nge2 Nc6 7. Bd2 e5 8. d5 Ne7 9. e4 f4 10. Qc2 a6 11. f3 0-0 12. g4 Bd7 13. h4 Rb8 14. h5 g5 15. h6 Bh8 16. Ng1 Ng6 17. Nh3 Ne8 18. Ke2 b5 19. b3 Bf6 20. Rag1 Kf7 21. Nf2 Nh4 22. Be1 Rg8 23. Nh3 Ng6 24. Nf2 Be7 25. Rh5 Nf6 26. Rh2 Nh4 27. Nh1 Ng6 28. Nf2 Qf8 29. Rgh1 Ke8 30. Nh3 Qxh6 31. Kd1 Nh4 32. Bxh4 gxh4 33. g5 Rxg5 34. Nxg5 Qxg5 35. Rxh4 b4 36. Nb1 h5 37. Qh2 Kf7 38. Rg1 Qh6 39. Nd2 a5 40. c5 Rh8 41. c6 Bc8 42. Nc4 Ba6 43. Nxe5+ dxe5 44. Bxa6 Qf8 45. Rxf4 exf4 46. Qxf4 Qh6 47. Qf5 Qe3 48. Qg6+ Kf8 49. Qg7+ Ke8 50. Qxh8+ Bf8 51. Qxf6 Qxg1+ 52. Kd2 Qh2+ 53. Be2 Bd6 54. Qg6+ Kf8 55. Qf6+ Ke8 56. Qg6+ Kf8 57. Qf6+ Ke8 1/2-1/2

[Event "Maravilhosa op 3rd"]
[Site "Laranjeiras"]
[Date "2012.07.15"]
[Round "6"]
[White "Leite, Tarcisio Dantas Fro"]
[Black "Poiani, Fernando Celso"]
[Result "0-1"]
[WhiteElo "1694"]
[BlackElo "1854"]
[PlyCount "110"]
[EventDate "2012.07.13"]
[EventType "swiss"]
[EventRounds "6"]
[EventCountry "BRA"]
[SourceTitle "CBM 149 Extra"]
[Source "ChessBase"]
[SourceDate "2012.08.24"]
[SourceVersion "1"]
[SourceVersionDate "2012.08.24"]
[SourceQuality "1"]

1. Nf3 Nf6 2. c4 d5 3. d4 e6 4. Nc3 Be7 5. e3 0-0 6. Bd3 Nbd7 7. 0-0 c6 8. Bd2 Re8 9. Qc2 Nf8 10. e4 dxe4 11. Nxe4 Nxe4 12. Bxe4 h6 13. Rad1 Bf6 14. Be3 a5 15. Ne5 a4 16. Qc1 Bxe5 17. dxe5 Qh4 18. Bb1 b5 19. Rd4 Qh5 20. Bf4 bxc4 21. Rfd1 Ba6 22. Be4 Bb5 23. R1d2 a3 24. Rd6 axb2 25. Rxb2 Rac8 26. h3 Ng6 27. Bxg6 Qxg6 28. Rbd2 Ra8 29. Be3 h5 30. Qb2 Ra4 31. Bc5 Rea8 32. Rd8+ Kh7 33. Rxa8 Rxa8 34. a3 Qf5 35. Qc3 Qb1+ 36. Kh2 Qf5 37. Qd4 Ra4 38. Qc3 Ra8 39. Qg3 Qg6 40. Qf3 Qf5 41. Qe3 g5 42. g3 Rg8 43. Rd4 c3 44. Rd7 c2 45. Qd2 Bf1 46. g4 Qf4+ 47. Qxf4 gxf4 48. Rxf7+ Rg7 49. Rxf4 c1Q 50. Be3 Qxa3 51. Rf6 hxg4 52. Rh6+ Kg8 53. hxg4 Rxg4 54. Rxe6 Qa4 55. Rf6 Rg2+ 0-1

[Event "Mogi das Cruzes op 06"]
[Site "Mogi das Cruzes"]
[Date "2012.06.24"]
[Round "6"]
[White "Rios Filho, Hilton Carlos da Si"]
[Black "Poiani, Fernando Celso"]
[Result "1-0"]
[WhiteElo "2223"]
[BlackElo "1819"]
[PlyCount "91"]
[EventDate "2012.06.22"]
[EventType "swiss"]
[EventRounds "6"]
[EventCountry "BRA"]
[SourceTitle "CBM 149 Extra"]
[Source "ChessBase"]
[SourceDate "2012.08.24"]
[SourceVersion "1"]
[SourceVersionDate "2012.08.24"]
[SourceQuality "1"]

1. d4 Nf6 2. c4 e5 3. dxe5 Ng4 4. Bf4 Nc6 5. Nf3 Bb4+ 6. Nbd2 Qe7 7. a3 Ngxe5 8. Nxe5 Nxe5 9. e3 Bxd2+ 10. Qxd2 d6 11. Be2 0-0 12. 0-0 Bg4 13. Bxe5 Bxe2 14. Bxg7 Bxf1 15. Bxf8 Qg5 16. Rxf1 Kxf8 17. Rd1 Re8 18. Qd4 Qe5 19. Qxe5 Rxe5 20. Kf1 Ke7 21. Ke2 Ke6 22. Rd4 Kf6 23. Kd3 Kg6 24. g4 f5 25. Rf4 fxg4 26. Rxg4+ Kf7 27. e4 Re6 28. Rh4 h6 29. h3 Rg6 30. Rg4 Rf6 31. Ke3 a6 32. Rf4 c6 33. Rxf6+ Kxf6 34. f4 c5 35. Kf3 b5 36. b3 h5 37. Kg3 bxc4 38. bxc4 a5 39. a4 Kg6 40. Kh4 Kh6 41. f5 Kg7 42. Kxh5 Kf6 43. Kg4 Kf7 44. Kg5 Kg7 45. f6+ Kf7 46. Kf5 1-0

[Event "Tijuca op"]
[Site "Tijuca"]
[Date "2012.06.09"]
[Round "5"]
[White "Poiani, Fernando Celso"]
[Black "Borensztajn, David"]
[Result "1-0"]
[WhiteElo "1819"]
[BlackElo "1938"]
[PlyCount "101"]
[EventDate "2012.06.07"]
[EventType "swiss"]
[EventRounds "7"]
[EventCountry "BRA"]
[SourceTitle "EXT 2014"]
[Source "ChessBase"]
[SourceDate "2013.11.20"]
[SourceVersion "1"]
[SourceVersionDate "2013.11.20"]
[SourceQuality "1"]

1. c4 c5 2. Nc3 e6 3. e4 d6 4. g3 b6 5. Bg2 Bb7 6. Nge2 Nf6 7. d3 Nc6 8. 0-0 Be7 9. Rb1 0-0 10. a3 Rc8 11. h3 Qc7 12. b4 Rcd8 13. f4 cxb4 14. axb4 h6 15. b5 Na5 16. Bb2 d5 17. cxd5 exd5 18. e5 Nh7 19. d4 Qd7 20. Qd3 Kh8 21. Kh2 f6 22. f5 Bb4 23. e6 Qe7 24. Nf4 Qc7 25. Ng6+ Kg8 26. e7 Bxe7 27. Nxf8 Bxf8 28. Rfe1 Ng5 29. h4 Nf7 30. Ne2 Qc4 31. Red1 Qxd3 32. Rxd3 Nc4 33. Bc1 Bc8 34. Nc3 Bb7 35. Bf4 Bb4 36. Re1 Bxc3 37. Rxc3 Rd7 38. Rec1 a6 39. bxa6 Bxa6 40. Bf3 b5 41. Bh5 Kf8 42. Ra1 Bb7 43. Ra7 Nd8 44. Rc2 Bc6 45. Rca2 Rxa7 46. Rxa7 b4 47. Bd1 Ke8 48. Rxg7 Nb2 49. Bh5+ Kf8 50. Bxh6 Nd3 51. Rd7+ 1-0

[Event "BRA-ch Amateur"]
[Site "Goiania"]
[Date "2012.02.21"]
[Round "7"]
[White "Poiani, Fernando Celso"]
[Black "Nobre, Jailson Altair Barb"]
[Result "1-0"]
[WhiteElo "1801"]
[BlackElo "1834"]
[PlyCount "83"]
[EventDate "2012.02.18"]
[EventType "swiss"]
[EventRounds "7"]
[EventCountry "BRA"]
[SourceTitle "CBM 147 Extra"]
[Source "ChessBase"]
[SourceDate "2012.04.24"]
[SourceVersion "1"]
[SourceVersionDate "2012.04.24"]
[SourceQuality "1"]

1. c4 Nf6 2. Nc3 e5 3. e4 Be7 4. h3 d6 5. g3 0-0 6. Bg2 Nc6 7. Nge2 Be6 8. d3 Qd7 9. Nd5 h6 10. Be3 Nh7 11. Rb1 Bg5 12. f4 exf4 13. Bxf4 Qc8 14. b4 Bxd5 15. cxd5 Bxf4 16. gxf4 Ne7 17. 0-0 Ng6 18. Ng3 Nh4 19. Qh5 Nxg2 20. Kxg2 Nf6 21. Qf3 Qd7 22. Nf5 Kh7 23. Rg1 g6 24. Ng3 c6 25. dxc6 bxc6 26. Rb2 Rab8 27. Rgb1 Rb6 28. a4 Rfb8 29. f5 g5 30. Qf2 Re8 31. Qd4 Qe7 32. b5 c5 33. Qc3 d5 34. a5 Rbb8 35. b6 dxe4 36. bxa7 Ra8 37. Rb7 Qf8 38. Qxf6 Kg8 39. Nxe4 c4 40. Rxf7 Qxf7 41. Qxf7+ Kxf7 42. Nd6+ 1-0

[Event "BRA-ch Amateur"]
[Site "Goiania"]
[Date "2012.02.20"]
[Round "6"]
[White "Monte, Edmar Ferreira"]
[Black "Poiani, Fernando Celso"]
[Result "1/2-1/2"]
[WhiteElo "1712"]
[BlackElo "1801"]
[PlyCount "77"]
[EventDate "2012.02.18"]
[EventType "swiss"]
[EventRounds "7"]
[EventCountry "BRA"]
[SourceTitle "CBM 147 Extra"]
[Source "ChessBase"]
[SourceDate "2012.04.24"]
[SourceVersion "1"]
[SourceVersionDate "2012.04.24"]
[SourceQuality "1"]

1. Nf3 d5 2. c4 d4 3. b4 g6 4. Bb2 Bg7 5. g3 Nh6 6. Bg2 0-0 7. 0-0 e5 8. d3 c6 9. a4 Nd7 10. Nbd2 Re8 11. Nb3 Rb8 12. b5 c5 13. a5 b6 14. axb6 axb6 15. Ra7 Rb7 16. Qa1 Qc7 17. Rxb7 Bxb7 18. Nbd2 Ra8 19. Qb1 f5 20. Ng5 Bxg2 21. Kxg2 Qd6 22. Bc1 Nf7 23. Ndf3 h6 24. Nxf7 Kxf7 25. e3 Qe6 26. exd4 cxd4 27. Re1 Qd6 28. Bd2 Ra4 29. Qd1 Nc5 30. Qb1 e4 31. dxe4 Nxe4 32. Bf4 Qc5 33. Rc1 Rxc4 34. Qb3 Nc3 35. Nd2 Qd5+ 36. f3 Rc5 37. Qa3 Nxb5 38. Rxc5 Qxc5 39. Qb3+ 1/2-1/2